| Tag |
First Indicator |
Second Indicator |
Subfields |
| LEADER |
00000cam a2200000 a 4500 |
| 001 |
in00003308521 |
| 006 |
m o d |
| 007 |
cr cn||||||||| |
| 008 |
121206s2013 enk ob 001 0 eng d |
| 005 |
20250816203706.6 |
| 010 |
|
|
|z 2012043992
|
| 020 |
|
|
|z 9781107026315 (hardback)
|
| 020 |
|
|
|z 9781107699557 (paperback)
|
| 020 |
|
|
|z 9781107306707 (e-book)
|
| 035 |
|
|
|a (CaPaEBR)ebr10667762
|
| 035 |
|
|
|a (OCoLC)847623419
|
| 040 |
|
|
|a CaPaEBR
|c CaPaEBR
|d UtOrBLW
|
| 050 |
1 |
4 |
|a JV6217.5
|b .B73 2013eb
|
| 082 |
0 |
4 |
|a 325
|2 23
|
| 100 |
1 |
|
|a Bradley, Megan,
|d 1980-
|
| 245 |
1 |
0 |
|a Refugee repatriation :
|b justice, responsibility and redress /
|c Megan Bradley.
|
| 264 |
|
1 |
|a Cambridge [England] :
|b Cambridge University Press,
|c 2013.
|
| 300 |
|
|
|a 1 online resource (xi, 294 pages)
|
| 336 |
|
|
|a text
|b txt
|2 rdacontent
|
| 337 |
|
|
|a computer
|b c
|2 rdamedia
|
| 338 |
|
|
|a online resource
|b cr
|2 rdacarrier
|
| 504 |
|
|
|a Includes bibliographical references and index.
|
| 505 |
0 |
|
|a pt. I. Foundations of state responsibility and just return -- pt. II. Historical experiences of return and redress -- pt. III. Beyond repair? Grappling with hard cases.
|
| 500 |
|
|
|a Electronic resource.
|
| 650 |
|
0 |
|a Repatriation.
|
| 650 |
|
0 |
|a Return migration.
|
| 650 |
|
0 |
|a Refugees.
|
| 655 |
|
7 |
|a Electronic books.
|2 local
|
| 710 |
2 |
|
|a ebrary, Inc.
|
| 856 |
4 |
1 |
|u https://ebookcentral.proquest.com/lib/tamucs/detail.action?docID=1113084
|y Connect to the full text of this electronic book
|t 0
|
| 980 |
|
|
|a 130709
|b 99
|c USD
|e 99
|f YBP_EBR0000064453
|g 1
|
| 999 |
f |
f |
|s ad3812b8-6dcb-3719-b535-b24d5b6af9e9
|i bc4bfc5e-3328-3d4d-9b94-b4af3d2f8b5d
|t 0
|
| 999 |
|
|
|a MARS
|
| 952 |
f |
f |
|a Texas A&M University
|b College Station
|c Electronic Resources
|d Available Online
|t 0
|e JV6217.5 .B73 2013eb
|h Library of Congress classification
|
| 998 |
f |
f |
|a JV6217.5 .B73 2013eb
|t 0
|l Available Online
|